000
00319nam a22001217a 4500
040
_c
HS
082
_a
590
100
_a
ស៊ុន ហ៊ាន
245
_a
លក្ខណៈជីវសាស្ត្រសត្វព្រៃ
260
_a
Cambodia
_b
ស៊ុន ហ៊ាន
_c
NA
300
_a
64p;
942
_c
KB
999
_c
9273
_d
9273